Музыкальные группы СССР - Армагеддон - Statistics

General Stats
  • This quiz has been taken 73 times
  • The average score is 8 of 25
Answers on the Grid
Answers color-coded by a green-red scale on the quiz's grid according to % correct below.
Крематорий
ПТВП
Король и Шут
Тараканы!
АВИА
ДК
Мельница
Кожаный Олень
НОМ
Удачное Приобретение
Секрет
Гражданская Оборона
Звуки Му
Йорш
Ляпис Трубецкой
Бумбокс
Distemper
Красные Звёзды
Сансара
Кино
Ундервуд
Мумий Тролль
Коррозия Металла
Tequilajazz
Аквариум
Louna
Альянс
Океан Ельзи
Дубовый Гаайъ
Пикник
АлоэВера
Машина Времени
Anacondaz
Narkotiki
Порнофильмы
Бригада С
IFK
Весёлые Картинки
Сектор Газа
Жуки
Каста
ДДТ
Оригами
Блестящие
2h Company
Слот
Ковчег
Кувалда
Bad Balance
Харизма
 
Answer Stats
Answer % Correct
Король и Шут
60%
Кино
60%
Крематорий
58%
Аквариум
52%
Сектор Газа
50%
ДДТ
48%
Машина Времени
46%
Гражданская Оборона
44%
Секрет
40%
Пикник
40%
Звуки Му
38%
Альянс
38%
АВИА
33%
Мумий Тролль
33%
Ляпис Трубецкой
31%
Коррозия Металла
29%
ДК
25%
Бригада С
19%
Тараканы!
17%
НОМ
17%
Удачное Приобретение
8%
Весёлые Картинки
8%
Ковчег
4%
Distemper
4%
Bad Balance
0%
No matching quizzes found
Score Distribution
Percent of People with Each Score
Percentile by Number Answered
Your Score History
You have not taken this quiz